|
|
|
|
| LEADER |
00000cam a2200000 i 4500 |
| 001 |
1/84543 |
| 008 |
050831q19601970gr | ||| |||| ||gre|| |
| 035 |
|
|
|l 10080045
|
| 040 |
|
|
|a GR-MY-UA
|b gre
|e aacr
|
| 041 |
1 |
|
|a gre
|h ger
|
| 082 |
7 |
|
|a 923.5
|2 (22)
|
| 100 |
1 |
|
|a Weil, Bruno,
|d 1883-1961.
|
| 245 |
1 |
2 |
|a Η υπόθεση Ντρέυφους και το κατηγορώ του Ζολά /
|c Bruno Weil ; μετάφραση: Πέτρου Αργυρού.
|
| 260 |
|
|
|a Αθήναι :
|b Δαρεμάς,
|c [19--;].
|
| 300 |
|
|
|a 188 σ. ;
|c 24 εκ.
|
| 500 |
|
|
|a Τίτλος πρωτοτύπου: Der Prozess des Hauptmanns Dreyfus.
|
| 600 |
1 |
0 |
|a Dreyfus, Alfred,
|d 1859-1935.
|
| 650 |
0 |
0 |
|a Antisemitism
|z France.
|
| 700 |
1 |
|
|a Αργυρός, Πέτρος,
|e trl
|
| 700 |
1 |
|
|a Zola, Émile,
|d 1840-1902.
|
| 852 |
|
|
|a INST
|b RHODES
|c KRI
|e 20050831
|h 923.5 WEI
|p 005400022651
|q 005400022651
|t BK
|y 0
|
| 901 |
|
|
|a BIBL4-2005-2
|
| 909 |
|
|
|a Ρ
|b 122139
|
| 970 |
|
|
|a ΚΟΖΑ
|b ΜΑΡΙΑ
|z 2005/08/31
|